| 000 | 00467cam a2200181ua 4500 | ||
|---|---|---|---|
| 003 | OSt | ||
| 008 | 250221b |||||||| |||| 00| 0 eng d | ||
| 041 | _aeng | ||
| 082 |
_a631.56 _bSHE/PO |
||
| 100 |
_aShewfelt, Robert L . _97200 |
||
| 245 | _aPost harvest handling :A systems approach / | ||
| 250 | _a2nd | ||
| 260 |
_aNew York : _bAcademic Press , _c1992. |
||
| 300 | _a358 ; . | ||
| 500 | _a**Reference | ||
| 700 | 1 |
_aPrussia, Stanley E . _97201 |
|
| 942 | _cBK | ||
| 999 |
_c4872 _d4872 |
||